| 000 | 00514nam a22001697a 4500 | ||
|---|---|---|---|
| 003 | SISC | ||
| 005 | 20160308134407.0 | ||
| 008 | 130917t xxu||||| |||| 00| 0 eng d | ||
| 050 |
_aPN 6231 _b.M667 1982 |
||
| 082 |
_aHS 371.802 _bM66 1982 |
||
| 100 |
_aMinton, Robert Jr. _920702 |
||
| 245 |
_aExcuse me : creative excuses for students of all ages / _cRobert Minton, Jr. and Charles Nilan. |
||
| 260 |
_aCalif. : _bThe Inverness Pub, _cc1982. |
||
| 300 |
_a99 p. ; _c9 cm. |
||
| 942 |
_2lcc _cBK |
||
| 999 |
_c11595 _d11595 |
||